| 000 | 00682nam a2200229 a 4500 | ||
|---|---|---|---|
| 008 | |||
| 020 | _a9780521701471 (pbk.) | ||
| 049 | _aMAIN | ||
| 090 |
_aQC670 _bFLE |
||
| 100 | 1 | _aFleisch, Daniel. | |
| 245 | 1 | 0 |
_aA student's guide to Maxwell's equations / _cDaniel Fleisch. |
| 260 |
_aCambridge : _bCambridge University Press, _c2008. |
||
| 300 |
_aix, 134 p. : _bill. ; _c23 cm. |
||
| 500 | _aIncludes index. | ||
| 504 | _aIncludes bibliographical references. | ||
| 650 | 1 | _aMaxwell equations. | |
| 907 |
_a.b10266689 _b19-11-09 _c21-09-09 |
||
| 003 | |||
| 005 | 20230123124947.0 | ||
| 040 | _cNUST | ||
| 942 |
_cBOOKS _kQC670 _mFLE |
||
| 999 |
_c133276 _d133276 |
||